000 00597nam a2200181Ia 4500
003 GCL
005 20240530105445.0
008 140319s9999 xx 000 0 ara d
040 _aGCL /
_cGCL
082 0 4 _a811.9
_bف ق
100 1 _aفالح حسن عبدالرحمن
245 1 0 _aقصيدة غرام عراقية /
_cفالح حسن عبدالرحمن
260 _a[S.N] :
_bرياض الريس للكتب والنشر ،
_c1988
490 _aالسلسلة الشعرية الاولى
_v0
650 0 4 _aالشعر العربى
650 0 4 _aدواوين وقصائد
942 _2ddc
_cBK
999 _c56224
_d56224